แนวความคิดและวิธีการสื่อสารการเมืองในรัชสมัยพระบาทสมเด็จพระปกเกล้าเจ้าอยู่หัวระหว่าง พ.ศ. 2468 ถึง พ.ศ. 2477 (ระเบียนเลขที่ 62789)
| 000 -LEADER | |
|---|---|
| fixed length control field | 02007nam a22003377a 4500 |
| 003 - CONTROL NUMBER IDENTIFIER | |
| control field | NALT |
| 005 - DATE AND TIME OF LATEST TRANSACTION | |
| control field | 20220304131450.0 |
| 008 - FIXED-LENGTH DATA ELEMENTS--GENERAL INFORMATION | |
| fixed length control field | s2553 th ||||| |||| 00| 0 tha d |
| 040 ## - CATALOGING SOURCE | |
| Original cataloging agency | NALT |
| 050 ## - LIBRARY OF CONGRESS CALL NUMBER | |
| Classification number | PN4748.T5 พ239น 2553 |
| 100 0# - MAIN ENTRY--PERSONAL NAME | |
| Personal name | พรทิพย์ ดีสมโชค |
| 245 10 - TITLE STATEMENT | |
| Title | แนวความคิดและวิธีการสื่อสารการเมืองในรัชสมัยพระบาทสมเด็จพระปกเกล้าเจ้าอยู่หัวระหว่าง พ.ศ. 2468 ถึง พ.ศ. 2477 |
| 260 3# - PUBLICATION, DISTRIBUTION, ETC. | |
| Place of publication, distribution, etc. | นนทบุรี : |
| Name of publisher, distributor, etc. | มหาวิทยาลัยสุโขทัยธรรมาธิราช, |
| Date of publication, distribution, etc. | 2553 |
| 300 ## - PHYSICAL DESCRIPTION | |
| Extent | 489 หน้า : |
| Other physical details | ภาพประกอบ, ตาราง ; |
| Dimensions | 21 ซม. |
| 600 04 - SUBJECT ADDED ENTRY--PERSONAL NAME | |
| 9 (RLIN) | 10802 |
| Personal name | ปกเกล้าเจ้าอยู่หัว, |
| Titles and other words associated with a name | พระบาทสมเด็จพระ, |
| Dates associated with a name | 2436-2484 |
| 650 04 - SUBJECT ADDED ENTRY--TOPICAL TERM | |
| Topical term or geographic name entry element | อบ ไชยวสุ, 2444--2550 |
| 650 04 - SUBJECT ADDED ENTRY--TOPICAL TERM | |
| Topical term or geographic name entry element | มาลัย ชูพินิจ, 2449--2506 |
| 650 04 - SUBJECT ADDED ENTRY--TOPICAL TERM | |
| Topical term or geographic name entry element | สอ เสถบุตร, 2446--2513 |
| 650 04 - SUBJECT ADDED ENTRY--TOPICAL TERM | |
| Topical term or geographic name entry element | กุหลาบ สายประดิษฐ์, 2447--2517 |
| 650 04 - SUBJECT ADDED ENTRY--TOPICAL TERM | |
| Topical term or geographic name entry element | โชติ แพร่พันธุ์, 2450--2499 |
| 650 04 - SUBJECT ADDED ENTRY--TOPICAL TERM | |
| Topical term or geographic name entry element | เสรีภาพของหนังสือพิมพ์ -- ไทย |
| 650 04 - SUBJECT ADDED ENTRY--TOPICAL TERM | |
| Topical term or geographic name entry element | ปกเกล้าเจ้าอยู่หัว, พระบาทสมเด็จพระ, 2436--2484 |
| 650 04 - SUBJECT ADDED ENTRY--TOPICAL TERM | |
| Topical term or geographic name entry element | การสื่อสารทางการเมือง -- ไทย -- 2468--2477 |
| 650 04 - SUBJECT ADDED ENTRY--TOPICAL TERM | |
| Topical term or geographic name entry element | ภาพยนตร์ -- ไทย |
| 650 04 - SUBJECT ADDED ENTRY--TOPICAL TERM | |
| Topical term or geographic name entry element | นักหนังสือพิมพ์ -- ไทย |
| 650 04 - SUBJECT ADDED ENTRY--TOPICAL TERM | |
| Topical term or geographic name entry element | หนังสือพิมพ์ -- ไทย |
| 650 04 - SUBJECT ADDED ENTRY--TOPICAL TERM | |
| Topical term or geographic name entry element | สื่อมวลชน -- ไทย -- 2468--2477 |
| 850 ## - HOLDING INSTITUTION | |
| Holding institution | NALT |
| 942 ## - ADDED ENTRY ELEMENTS (KOHA) | |
| Koha item type | General Book |
| Source of classification or shelving scheme | Library of Congress Classification |
| 998 ## - STAFF NAME (NALT) | |
| -- | 109 |
| -- | อารีรัตน์ วิชาช่าง |
| Withdrawn status | Lost status | Damaged status | Not for loan | Collection code | Home library | Current library | Source of acquisition | Total Checkouts | Full call number | Barcode | Date last seen | Copy number | Price effective from | Koha item type |
|---|---|---|---|---|---|---|---|---|---|---|---|---|---|---|
| General Book collection | National Assembly Library of Thailand | National Assembly Library of Thailand | บริจาค | PN 4748.T5 พ239น 2553 | 3961184197 | 09/06/2017 | ฉ. 2 | 09/06/2017 | General Book | |||||
| General Book collection | National Assembly Library of Thailand | National Assembly Library of Thailand | บริจาค | PN 4748.T5 พ239น 2553 | 3961184198 | 09/06/2017 | ฉ. 2 | 09/06/2017 | General Book |
